| 000 | 01282nam a2200325 c 4500 | ||
|---|---|---|---|
| 003 | BLK | ||
| 005 | 20180422103357.0 | ||
| 008 | 180408b bul|||||r ||||||| ||bul|| | ||
| 010 | _aKNG00078044000 | ||
| 020 |
_a978-954-585-813-0 _bиздат.: Бард |
||
| 040 | _aBLK | ||
| 041 |
_aBUL _cBUL |
||
| 080 |
_aАмериканска литература (на САЩ) _b821.111(73) _x-312.4 _z821.111(73)-312.4 |
||
| 100 | 1 |
_aХокс, Джон Туелв _eпърви автор _9137303 |
|
| 700 | 1 |
_aХристова, Анна _eпрев. от англ. _9363784 |
|
| 139 |
_aХокс, Джон Туелв _bХ 59 |
||
| 245 | 1 | 0 |
_aСтранникът _bРоман _cДжон Туелв Хокс; прев. от англ. Анна Христова. |
| 257 | _aUSA | ||
| 260 |
_аСофия _bБард _c2007 |
||
| 300 |
_a462 с. _c20 см |
||
| 380 | _aX | ||
| 490 | 1 | _aКралете на трилъра | |
| 490 | 1 |
_3Подсерия _aЧетвъртият свят _vКн. 1 |
|
| 500 | _aОриг. загл. The Traveler / JohnTwelwe Hawks. - Пълното име на прев. е Анна Христова Николова | ||
| 852 | _aЦб 235889 | ||
| 856 | 4 |
_qpdf _u |
|
| 856 | 4 |
_qpdf _u |
|
| 942 |
_cKNG _n0 |
||
| 944 |
_aCR _c02.10.2007 _kВаля_Йорданова |
||
| 944 |
_aED _c07.09.2009 _k |
||
| 999 |
_c73649 _d73649 |
||